000 00458pam a2200121a 44500
008 230405s2005 xxu||||| |||| 00| 0 eng d
041 _aMAR
100 _aमहाराष्ट्र शासन शिक्षण व सेवायोजना विभाग
245 _aमाध्यतिक शाळा संहिता
260 _a
_bगव्हंदरा सेंट्रल प्रेस
_c2005
300 _a309
906 _a5055
999 _c296398
_d296398